Normal view
MARC view
- James, Flaherty
Entry Personal Name
001 - CONTROL NUMBER
- control field: 134074
003 - CONTROL NUMBER IDENTIFIER
- control field: NUST
005 - DATE AND TIME OF LATEST TRANSACTION
- control field: 20260413150717.0
008 - FIXED-LENGTH DATA ELEMENTS
- fixed length control field: 260413|| aca||aabn | a|a d
040 ## - CATALOGING SOURCE
- Original cataloging agency: NUST
- Transcribing agency: NUST
100 ## - HEADING--PERSONAL NAME
- Personal name: James, Flaherty
670 ## - SOURCE DATA FOUND
- Source citation: Work cat.: (NUST): James, Flaherty., Coaching: Evoking Excellence in Others /, 1999.
